| 000 | 00513nam a22001817a 4500 | ||
|---|---|---|---|
| 005 | 20170629134217.0 | ||
| 010 | _aENG-119046 | ||
| 020 |
_a9788193027790 _c450.00 |
||
| 035 | _aEN-102578 | ||
| 037 | _bDBAD/PUB | ||
| 082 | _a791.430954 | ||
| 100 | _aBhardwaj, Umesh | ||
| 245 |
_aTraditional Indian Art / _cby Umesh Bhardwaj |
||
| 260 |
_aAllahabad _bOm Publication _c2016 |
||
| 270 |
_bAllahabad _e211003 _a59 Pandariba |
||
| 300 |
_av,160p. _c22cm(Hb) |
||
| 942 |
_2ddc _cEN _mBHA _h791.430954 |
||
| 999 |
_c142162 _d142162 |
||